000 00175nam a2200073Ia 4500
008 170524s9999 xx 000 0 und d
100 _aBHATTACHARJEE- C
245 0 _aSERVICES MARKETING
260 _bEXCEL BOOKS
999 _c8169
_d8169